Kostensenkung - ein Leitfaden Anforderungen, Instrumentarien, Lösungen

Salvato in:
Dettagli Bibliografici
Autore principale: Donath, Peter
Altri autori: Holicki, Armin, Müller, Werner G.
Natura: Libro
Lingua:tedesco
Pubblicazione: Berlin Wirtschaft 1984
Tags: Aggiungi Tag
Nessun Tag, puoi essere il primo ad aggiungerne!!

MARC

LEADER 00000nam a2200000 4500
001 c108785
005 20041019155142.4
041 0 |a ger 
044 |a DE 
245 1 0 |a Kostensenkung - ein Leitfaden  |b Anforderungen, Instrumentarien, Lösungen  |c Peter Donath, Armin Holicki, Werner Müller 
264 1 |a Berlin  |b Wirtschaft  |c 1984 
300 |a 95 s. 
100 1 |a Donath, Peter 
700 1 |a Holicki, Armin 
700 1 |a Müller, Werner G.